| 000 | 00000nam##2200000za#4500 |
| 001 | 9.631542 |
| 003 | CaOODSP |
| 005 | 20210624214358 |
| 007 | cr ||||||||||| |
| 008 | 150407|2004||||xxc|||||o f|0| 0 fre|d |
| 020 | |a0-662-77468-X |
| 040 | |aCaOODSP|bfre |
| 043 | |an-cn--- |
| 086 | 1 |aEn4-41/4-2004F-PDF |
| 110 | 1 |aCanada. |bEnvironnement Canada. |
| 245 | 10|aPrincipales conclusions - l'Initiative des écosystèmes des rivières du Nord |h[ressource électronique] |
| 260 | |aOttawa - Ontario : |bEnvironnement Canada |c[2004]. |
| 300 | |a14p.|bfigures en couleur, carte en couleur, photographies |
| 500 | |aLe n° de catalogue (En4-41/4-2004F) de l'édition imprimée a été incorrectement copié dans l'édition électronique. L'ISBN (0-662-37740-0) de l'édition anglaise a été incorrectement copié dans cette édition electronique. |
| 590 | |a14-08-Supp|b2014-04-10 |
| 691 | 07|aÉcosystème|2gcpds |
| 691 | 07|aGestion de l'environnement|2gcpds |
| 775 | 08|tKey findings - Northern Rivers Ecosystem Initiative |w(CaOODSP)9.687081 |
| 856 | 40|ahttp://publications.gc.ca|qPDF|s3.68 Mo|uhttps://publications.gc.ca/collections/collection_2014/ec/En4-41-4-2004-fra.pdf |